Регионална библиотека "Любен Каравелов" - Русе

Търся Лейси (Запис номер 10002)

MARC детайли
000 -Лидер
Контролно поле с фиксирана дължина 01273nam a2200337 c 4500
003 - Код на организацията, давaща контролен номер
Контролно поле BLK
005 - Дата и час на последна редакция
Контролно поле 20231110110312.0
008 - Елементи от данни с фиксирана дължина
fixed length control field 180412b bul|||||r ||||||| ||bul||
010 ## - Наследен системен номер
LC control number KNG00011449000
020 ## - Международен стандартен номер на книга ISBN
Международен стандартен номер на книга ISBN 954-8061-39-2
-- издат.: Светулка-44
040 ## - Източник на каталожния запис
Идентификатор на билиотеката - собственик на записа BLK
041 ## - Код за език
Код за езика на текст/звукозапис или на отделно заглавие Български
Код за езика КДБФ Български
080 ## - УДК
Текстов определител УДК Американска литература (на САЩ)
УДК код - определител по УДК 821.111(73)
УДК определител -93-31
УДК - код + определител 821.111(73)-93-31
100 1# - Редна дума - Автор
Автор Зак, Шерил
Авторска отговорност първи автор
R(LIN) 255051
139 ## - Редно поле
Редна дума Зак, Шерил
Авторски знак Зак - З 26
245 10 - Сведения за заглавието
Заглавие Търся Лейси
Подзаглавни данни [Роман за юноши]
Редно поле (дума) Шерил Зак; прев. Георги Анастасов.
257 ## - Страна на издаване
Страна на създаване/издаване Съединени американски щати
260 ## - Област на издателските данни
-- София
Име на издателя, разпространителя и проч. Светулка-44
Година на издаване 1996
Печатница Пловдив : Полиграфия
300 ## - Физическа характеристика
Страници 143 с.
Размери/Мащаб 20 см
380 ## - Жанр
Жанр Худож. лит.
490 1# - СЕРИИ (Колекции)
Име на серия Поредица Промени
№: серия 2
500 ## - Общи забележки
Забележка Ориг. загл. Looking Out for Lacey / Cheryl Zach. - 3 100 тир.
653 ## - Ключова дума – ненормативна
Ключова дума романи
700 1# - Други автори (авторска отговорност)
Лично име Анастасов, Георги
Автороска отговорност (Описва отношението между автора и произведението) прев.
9 (RLIN) 364356
852 ## - Местоположение
Форматна сигнатура Цб 188081
856 4# - Електронен адрес и достъп
Електронен формат pdf - файл
Път до файла /url/
856 4# - Електронен адрес и достъп
Електронен формат pdf - файл
Път до файла /url/
942 ## - АРТИКУЛИ
Вид на библиотечния материал Книги
Скрит в OPAC Не
Koha issues (borrowed), all copies 1
944 ## - СЪЗДАВАНЕ И РЕДАКЦИЯ на ЗАПИСА
Създаване/Редакция Създаване
Дата на регистрацията/редакция 15.01.2003
Статус, дата на статуса Минев Младен
Служител, извършил регистрацията/редакцията 30530
944 ## - СЪЗДАВАНЕ И РЕДАКЦИЯ на ЗАПИСА
Създаване/Редакция Редакция
Дата на регистрацията/редакция 01.09.2016
Статус, дата на статуса ф /
Служител, извършил регистрацията/редакцията Людмила_Стоянова
999 ## - СИСТЕМНИ КОНТРОЛНИ НОМЕРА
Koha biblionumber 10002
Koha biblioitemnumber 10002
Наличности
Код за отписване Код за изгубен артикул Източник на класификационната схема Код за повреда Коз за рестрикции Код за отдаване Артикулен № Име на библиотеката - собственик Име на библиотеката, в която се намира в момента Статус (Текущо местоположение) Дата на вписване в системата Местоположение - отдел Цена в лева Инвентарен номер Систематично азбучна сигнатура Баркод Номер на екземпляра Цена в евро Служебна бележка Служебен тип на артикула
Изтеглен Не е изгубен Universal Decimal Classification Не е повреден без рестрикции заемане за дома 17355 Регионална библиотека "Любен Каравелов" Русе Регионална библиотека "Любен Каравелов" Русе Заемна - подръчен фонд 2001-01-01 Заемна - подръчен фонд 0.48 620846 П 820(73)-31/З 26 620846 1 0.25 Дост: Pk Вид: Ф N: стар фонд Дата: 01.01.1996 Книги
  Не е изгубен Universal Decimal Classification Не е повреден без рестрикции ползва се в читалня 17356 Регионална библиотека "Любен Каравелов" Русе Регионална библиотека "Любен Каравелов" Русе Хранилище 2001-01-01 Хранилище 0.48 620919 Цб 188081 120000620919 2 0.25 Дост: Dp Вид: Д N: 8 Дата: 01.01.1996 Книги
  Не е изгубен   Не е повреден без рестрикции заемане за дома 17357 Регионална библиотека "Любен Каравелов" Русе Регионална библиотека "Любен Каравелов" Русе Заемна - подръчен фонд 2016-06-21 Заемна - подръчен фонд 8.00 120000801295 П 820(73)-31/З 26 120000801295 3 4.09 Дост: DA Вид: А N: 23 Дата: 21.06.2016 Дата инв: 15.02.2018 Бележки инв: П2018 Книги
Vip Innovations Ltd, Rousse, Bulgaria 2025